La dame de chez Maxim (Record no. 170565)

MARC details
000 -LEADER
campo de control de longitud fija 00656nam a22001695i 4500
001 - NÚMERO DE CONTROL
campo de control 170565
003 - IDENTIFICADOR DE NÚMERO DE CONTROL
campo de control ES-MaACL
005 - FECHA Y HORA DE LA ÚLTIMA TRANSACCIÓN
campo de control 20230906214411.0
008 - DATOS DE LONGITUD FIJA--INFORMACIÓN GENERAL
campo de control de longitud fija 090317s1919 fr |||| | fre d
080 ## - NÚMERO DE LA CLASIFICACIÓN DECIMAL UNIVERSAL
Número de la Clasificación Decimal Universal 821.133.1-2"19"
100 1# - ENTRADA PRINCIPAL--NOMBRE DE PERSONA
Nombre de persona Feydeau, Georges.
9 (RLIN) 50653
245 13 - MENCIÓN DEL TÍTULO
Título La dame de chez Maxim
Resto del título : pièce en trois actes : acte II (suite) et acte III /
Mención de responsabilidad, etc. par Georges Feydeau.
260 ## - PUBLICACIÓN, DISTRIBUCIÓN, ETC.
Lugar de publicación, distribución, etc. [Paris :
Nombre del editor, distribuidor, etc. L'Illustration,
Fecha de publicación, distribución, etc. 1919]
300 ## - DESCRIPCIÓN FÍSICA
Extensión P-41-74 p. :
Otras características físicas il. ;
Dimensiones 30 cm.
500 ## - NOTA GENERAL
Nota general Publicado en: La Petite Illustration Théatrale, nouvelle serie nº 3, 17 mai 1919.
852 ## - LOCALIZACIÓN
Ubicación ES-MaACL
Número de control de estantería 2278-F-9
itemnumber R.141183
Nota libre .- Biblioteca Jacinto Martínez Lacalle
Holdings
Estatus retirado Estado de pérdida Estado de daño No para préstamo Colección Biblioteca de origen Biblioteca actual Ubicación en estantería Fecha de adquisición Fuente de adquisición Total de préstamos Signatura topográfica completa Código de barras Visto por última vez Precio de reemplazo Tipo de ítem Koha
        Colección de folletos Biblioteca del Ateneo de Madrid Biblioteca del Ateneo de Madrid Depósito folletos 17/03/2009     2278-F-9 1178997 23/02/2023 23/02/2023 Folleto